| 000 | 01130cam a2200289 a 4500 | ||
|---|---|---|---|
| 999 |
_c127389 _d127389 |
||
| 001 | 14886249 | ||
| 003 | ARRUPE | ||
| 005 | 20180116084555.0 | ||
| 008 | 070611s2002 mw ab 001 0 eng | ||
| 010 | _a 2007383465 | ||
| 020 | _a999085811X | ||
| 040 |
_aDLC _cDLC _dDLC |
||
| 042 | _alcode | ||
| 043 | _af-mw--- | ||
| 050 | 0 | 0 |
_aBT30 _b.A4 C542 |
| 100 | 1 |
_aBoucher, Claude C. _cPadre. _938469 |
|
| 245 | 1 | 4 |
_aThe Gospel seed : _bculture and faith in Malawi as expressed in the Missio Banner / _cby Claude Boucher Chisale. |
| 260 |
_aMtakataka, Malawi : _bKuNgoni Art Craft Centre, _c2002. |
||
| 300 |
_aiv, 158 p. : _bill. (some col.), map ; _c21 cm. |
||
| 500 | _aA folded copy of the Missio Banner inserted. | ||
| 500 | _aIncludes index. | ||
| 650 | 0 |
_aTheology, Doctrinal _zAfrica. _98574 |
|
| 650 | 0 |
_aMissio Banner (Malawi) _938470 |
|
| 650 | 0 |
_aChristian art and symbolism _zAfrica. _938471 |
|
| 906 |
_a7 _bcbc _corigode _d3 _encip _f20 _gy-gencatlg |
||
| 942 |
_2lcc _cMONOGRAPH |
||